000 00354 a2200145 4500
001 92076
082 _a891.4393 AZE
090 _c44036
_d44035
100 _aAzeem Baig Chughtai
245 _aMajmoa Mirza Azeem Baig Chughtai
250 _a1
260 _aLahore
_bSang e Meel Publications
_c2011
300 _a688p.
_bHb
500 _aGeneral Book
942 _aCAE NUST
_k891.4393 AZE
999 _c327149
_d327149